000 00881nam a2200289Ia 4500
003 OSt
005 20221006151707.0
006 a|||||r|||| 00| 0
007 ta
008 221006b |||||||| |||| 00| 0 jpn d
020 _c¥360
024 _a23,032
037 _bGift, Japan Foundation
_cTextual
040 _aEASL
_cEASL
_bjpn
041 _2jpn
_ajpn
082 _aO42,3x, L4
100 _aMISHIMA Yukio
245 0 _aSakkaron
260 _aTokyo
_bChuokoronsha Japan
_c1974
300 _a224p.
_ccm.
490 _v JL
500 _aBook has: Mori Ogai ; Ozaki Koyo ; Izumi Kyoka ; Tanizaki Junichiro ; Uchida Hyakkan ; Makino Shinichi ; Inagaki Ashiho ; Tomura Shigeru ; Uebayashi Akira
650 _a Mori Ogai
_9659818
650 _aJL
942 _hO42,3x, L4
_cTEXL
_2CC
999 _c1091118
_d1091118